| 000 | 00455nam a22001817a 4500 | ||
|---|---|---|---|
| 003 | BD-RjUL | ||
| 005 | 20240114125108.0 | ||
| 008 | 240114b1925 |||||||| |||| 00| 0 eng d | ||
| 035 | _a(BD-RjUL) | ||
| 040 |
_cBD-RjUL _dBD-RjUL _aBD-RjUL _beng |
||
| 041 | _aeng | ||
| 082 |
_a823 _bEML 1925 |
||
| 100 |
_aJ. Inman Emery _910814 |
||
| 245 |
_aThe Luck of Udaipur/ _bby J. Inman Emery |
||
| 300 |
_a324p; _c18cm. |
||
| 650 | _2Literature. | ||
| 942 |
_2ddc _cBK |
||
| 999 |
_c82604 _d82604 |
||